(Khmer) Building and developing websites / (Record no. 49620)
| 000 -LEADER | |
|---|---|
| fixed length control field | 00330nam a2200109 4500 |
| 245 ## - TITLE STATEMENT | |
| Title | (Khmer) Building and developing websites / |
| Statement of responsibility, etc | Sam Kosal. |
| 250 ## - EDITION STATEMENT | |
| Edition statement | 1st ed. |
| 260 ## - PUBLICATION, DISTRIBUTION, ETC. (IMPRINT) | |
| Place of publication, distribution, etc | Phnom Penh, Cambodia: |
| Name of publisher, distributor, etc | Baksey Media; |
| Date of publication, distribution, etc | 2024. |
| 300 ## - PHYSICAL DESCRIPTION | |
| Extent | 115 p. |
| Other physical details | col. ill. |
| Dimensions | 21 cm. |
| 650 ## - SUBJECT ADDED ENTRY--TOPICAL TERM | |
| Topical term or geographic name as entry element | Website building. |
| 9 (RLIN) | 86740 |
| 942 ## - ADDED ENTRY ELEMENTS (KOHA) | |
| Source of classification or shelving scheme | |
| Koha item type | Khmer NON FIC Books |
| Withdrawn status | Lost status | Source of classification or shelving scheme | Damaged status | Not for loan | Collection code | Home library | Current library | Date acquired | Total Checkouts | Full call number | Barcode | Date last seen | Date checked out | Price effective from | Koha item type |
|---|---|---|---|---|---|---|---|---|---|---|---|---|---|---|---|
| Siem Riep | Asian Hope Secondary Library | Asian Hope Secondary Library | 10/08/2025 | 1 | KHMER 006.77 SAM | 208292 | 04/23/2026 | 04/02/2026 | 10/08/2025 | Khmer NON FIC Books |